| 000 | 00584nam a22001937a 4500 | ||
|---|---|---|---|
| 999 |
_c8516 _d8516 |
||
| 008 | 201201b ||||| |||| 00| 0 eng d | ||
| 040 | _aBMS College of Architecture | ||
| 100 | _aDsouza, Chelsea Autumn | ||
| 245 | _aSoundscape -Bangalore | ||
| 300 | _a39p. | ||
| 500 | _a1BM13AT009 | ||
| 502 |
_8B,Arch _NBMS College of Architecture, Visvesvaraya Technological University (VTU) _aProject report _d2016 |
||
| 650 | _aSound | ||
| 650 | _aBangalore | ||
| 700 |
_aGirija Umashamkar _eGuide |
||
| 700 |
_aSharath Ravi _eGuide |
||
| 700 |
_aRadhika Kulkarni _eGuide |
||
| 942 |
_2ddc _cTHE |
||